| 000 | 00999cam a22003378i 4500 | ||
|---|---|---|---|
| 001 | 18792324 | ||
| 003 | OSt | ||
| 005 | 20250610094847.0 | ||
| 008 | 150922s2017 nyu 000 0 eng | ||
| 010 | _a 2015036286 | ||
| 020 | _a9789353166519 | ||
| 040 |
_aDLC _beng _cDLC _erda |
||
| 042 | _apcc | ||
| 050 | 0 | 0 |
_aHF5636 _b.L53 2017 |
| 082 | 0 | 0 |
_a657 _bLIB/F |
| 100 | 1 |
_aLibby, Robert _eauthor. _910573 |
|
| 245 | 1 | 0 |
_aFinancial accounting / _cRobert Libby, Patricia A. Libby, Frank Hodge. |
| 250 | _aNinth edition. | ||
| 263 | _a1601 | ||
| 264 | 1 |
_aNew York, NY : _bMcGraw-Hill Education, _c2017. |
|
| 300 | _apages cm | ||
| 336 |
_atext _2rdacontent |
||
| 337 |
_aunmediated _2rdamedia |
||
| 338 |
_avolume _2rdacarrier |
||
| 650 | 0 | _aAccounting. | |
| 650 | 0 |
_aCorporations _xAccounting. |
|
| 650 | 0 | _aFinancial statements. | |
| 700 | 1 |
_aLibby, Patricia A., _eauthor. |
|
| 700 | 1 |
_aHodge, Frank, _d1965- _eauthor. |
|
| 942 |
_2ddc _cBK _h657 _iLIB/F _k657 _mLIB/F |
||
| 999 |
_c44470 _d44470 |
||